000 00798nam a22002297a 4500
999 _c15341
_d15341
003 MIRAKIL
005 20240213113514.0
008 240213b tu ||||| |||| 00| 0 tur d
020 _a9786056527944
040 _aTR-AnCHP
_cTR-AnCHP
041 _aTürkçe
082 _a780.922
_bY32ş 2017
090 _a780.922 Y32ş 2017
100 _aYedig, Serhan
245 1 0 _aŞosta :
_bTurgay Erdener ve müziği : 2016 yılı onur ödülü altın madalyası sahibi /
_cSerhan Yedig
246 _aAnkara :
_iSevda-Cenap And Müzik Vakfı Yayınları,
_n2017.
490 0 _aOnur Ödülü Altın Madalyası Sahipleri Dizisi ;
_v29
500 _aCD eki vardr
650 0 _95893
_aMüzik
856 _zDijital Nüshası için Partimizin Kütüphane Sorumlusu ile iletişime geçiniz.
942 _2ddc
_cBKS